00253 a2200109 4500001000700000040003500007100001800042240003500060245003000095362000900125440000900134153615 cEscola São Tomás de Aquino aGALDINO, Luiz10aA maldição de Édipolpor10aA maldição de Édipo0 a1998 1aFTD